Age dependence of visual evoked potential parameters in children
Elmentve itt :
| Szerzők: | |
|---|---|
| Dokumentumtípus: | Könyv része |
| Megjelent: |
W. Junk Publishers
Dordrecht
1984
|
| Sorozat: | Documenta Ophthalmologica Proceedings Series
Pattern electroretinogram, circulatory disturbances of the visual system and pattern-evoked responses |
| Tárgyszavak: | |
| mtmt: | 2169509 |
| Online Access: | http://publicatio.bibl.u-szeged.hu/33230 |
| LEADER | 00880naa a2200241 i 4500 | ||
|---|---|---|---|
| 001 | publ33230 | ||
| 005 | 20250524105045.0 | ||
| 008 | 250524s1984 hu o 000 eng d | ||
| 020 | |a 9061935032 | ||
| 024 | 7 | |a 2169509 |2 mtmt | |
| 040 | |a SZTE Publicatio Repozitórium |b hun | ||
| 041 | |a eng | ||
| 100 | 1 | |a Tari E. | |
| 245 | 1 | 0 | |a Age dependence of visual evoked potential parameters in children |h [elektronikus dokumentum] / |c Tari E. |
| 260 | |a W. Junk Publishers |b Dordrecht |c 1984 | ||
| 300 | |a 8 | ||
| 300 | |a 279-286 | ||
| 490 | 0 | |a Documenta Ophthalmologica Proceedings Series | |
| 490 | 0 | |a Pattern electroretinogram, circulatory disturbances of the visual system and pattern-evoked responses | |
| 650 | 4 | |a Klinikai orvostan | |
| 700 | 0 | 1 | |a Janáky Márta |e aut |
| 700 | 0 | 1 | |a Benedek Gy. |e aut |
| 856 | 4 | 0 | |u http://publicatio.bibl.u-szeged.hu/33230/1/aok_klny_1195_84.pdf |z Dokumentum-elérés |